书目信息 |
| 题名: |
遗传与良种繁殖
|
|
| 作者: | 韩英 主编 | |
| 分册: | ||
| 出版信息: | 北京 高等教育出版社 1998.12 |
|
| 页数: | 339页 | |
| 开本: | 20cm | |
| 丛书名: | ||
| 单 册: | ||
| 中图分类: | S33-43 | |
| 科图分类: | ||
| 主题词: | 作物育种 , 遗传育种 , 作物育种--良种繁育 | |
| 电子资源: | ||
| ISBN: | 7-04-004730-6 | |
| 000 | 00603nam0 2200217 45 | |
| 001 | 0331623166 | |
| 005 | 2003092608470296 | |
| 010 | @a7-04-004730-6@dRMB 10.60 | |
| 100 | @a20030926d1998 km y0chiy0120 ea | |
| 101 | 0 | @achi |
| 102 | @aCN@b110000 | |
| 200 | 1 | @a遗传与良种繁殖@Ayi chuan yu liang zhong fan zhi@f韩英主编@Fhan ying zhu bian |
| 210 | @a北京@c高等教育出版社@d1998.12 | |
| 215 | @a339页@d20cm | |
| 606 | 0 | @a作物育种 |
| 606 | 0 | @a遗传育种 |
| 606 | 0 | @a作物育种@x良种繁育 |
| 690 | @aS33-43@v3 | |
| 701 | 0 | @a韩英@Ahan ying@4主编 |
| 801 | 0 | @aCN@bPFT@c20030926 |
| 905 | @aBZT@dS33-43@e1@f19 | |
| 遗传与良种繁殖/韩英主编.-北京:高等教育出版社,1998.12 |
| 339页;20cm |
| ISBN 7-04-004730-6:RMB 10.60 |
| ● |
| 相关链接 |
|
|
|
正题名:遗传与良种繁殖
索取号:S33-43/1
 
预约/预借
| 序号 | 登录号 | 条形码 | 馆藏地/架位号 | 状态 | 备注 |
| 1 | 0351254 | 200334432 | 教材工具书阅览室/工1架B面2层2列/ [索取号:S33-43/1] | 在馆 | |
| 2 | 0351255 | 200334423 | 教材工具书阅览室/工1架B面2层2列/ [索取号:S33-43/1] | 在馆 | |
| 3 | 0351256 | 200334414 | 教材工具书阅览室/工1架B面2层2列/ [索取号:S33-43/1] | 在馆 | |
| 4 | 0351257 | 200334405 | 教材工具书阅览室/工1架B面2层2列/ [索取号:S33-43/1] | 在馆 | |
| 5 | 0351258 | 200334398 | 教材工具书阅览室/工1架B面2层2列/ [索取号:S33-43/1] | 在馆 | |
| 6 | 0351259 | 200334389 | 教材工具书阅览室/工1架B面2层2列/ [索取号:S33-43/1] | 在馆 | |
| 7 | 0351260 | 200334370 | 教材工具书阅览室/工1架B面2层2列/ [索取号:S33-43/1] | 在馆 | |
| 8 | 0351261 | 200334361 | 教材工具书阅览室/工1架B面2层2列/ [索取号:S33-43/1] | 在馆 | |
| 9 | 0351262 | 200334343 | 教材工具书阅览室/工1架B面2层2列/ [索取号:S33-43/1] | 在馆 | |
| 10 | 0351263 | 200334352 | 教材工具书阅览室/工1架B面2层2列/ [索取号:S33-43/1] | 在馆 | |
| 11 | 0351264 | 200334325 | 教材工具书阅览室/工1架B面5层2列/ [索取号:S33-43/1] | 在馆 | |
| 12 | 0351265 | 200334334 | 教材工具书阅览室/工1架B面2层2列/ [索取号:S33-43/1] | 在馆 | |
| 13 | 0351266 | 200334316 | 教材工具书阅览室/工1架B面5层2列/ [索取号:S33-43/1] | 在馆 | |
| 14 | 0351267 | 200334281 | 教材工具书阅览室/工1架B面5层2列/ [索取号:S33-43/1] | 在馆 | |
| 15 | 0351268 | 200334307 | 教材工具书阅览室/工1架B面5层2列/ [索取号:S33-43/1] | 在馆 | |
| 16 | 0351269 | 200334290 | 教材工具书阅览室/工1架B面5层2列/ [索取号:S33-43/1] | 在馆 | |
| 17 | 0351270 | 200334263 | 教材工具书阅览室/工1架B面2层2列/ [索取号:S33-43/1] | 在馆 | |
| 18 | 0351271 | 200334272 | 教材工具书阅览室/工1架B面5层2列/ [索取号:S33-43/1] | 在馆 | |
| 19 | 0351272 | 200334245 | 教材工具书阅览室/工1架B面2层2列/ [索取号:S33-43/1] | 在馆 |